000 00502cam a2200193ua 4500
001 7935
008 150113n ii |||gr||||Z||||||hin
040 _cMAIN
041 _ahin
082 _a891.43
100 _aChatturbedi, R.,
_eAuthor.
245 _aRash,dokh,ghad, alankar nirupan
_cBy Rajeshwarprasad Chatturbedi
250 _a1st.
260 _aLucknow:
_bPrakashan,
_c1993.
300 _a149p.
653 _aEast Indo-European & Celtic literatures
653 _aHindi literature
942 _cBK
999 _c7055
_d7055